Refugis de Catalunya / per Jordi Embodas i Farré
ISBN:
84-85678-31-1
Descripción Física:
71, [9] p. : il. ; 17 cm
Colección:
Col·lecció Arxiu Bibliogràfic ; 39
MARC
| LEADER | 00000nam a2200000Ia 4500 | ||
|---|---|---|---|
| 001 | 15122 | ||
| 008 | 160829s2001 xx 000 0 cat d | ||
| 020 | |a 84-85678-31-1 | ||
| 080 | |a B-2-29 | ||
| 100 | |a Emboadas i Farré, Jordi |9 24201 | ||
| 245 | |a Refugis de Catalunya / per Jordi Embodas i Farré | ||
| 250 | |a 2a ed. | ||
| 260 | |a [Barcelona] : |b Unió Excursionista de Catalunya, |c 2001 | ||
| 300 | |a 71, [9] p. : |b il. ; |c 17 cm | ||
| 490 | |a Col·lecció Arxiu Bibliogràfic ; 39 | ||
| 590 | |a A la part superior de la portada: Arxiu Bibliogràfic Excursionista de la Unió Excursionista de Catalunya. | ||
| 590 | |a Patrocina: Diputació de Barcelona, Xarxa de Municipis | ||
| 650 | |a Refugis de muntanya |x Catalunya |x Guies |9 24202 | ||
| 700 | |a Unió Excursionista de Catalunya. Arxiu Bibliogràfic Excursionista |9 24203 | ||
| 901 | |a Arxiu | ||
| 942 | |n 1 | ||
| 952 | |0 0 |1 0 |4 0 |6 B229 |7 1 |9 43019 |a Arxiu |b Arxiu |d 2016-12-01 |l 0 |o B-2-29 |p 15122 |r 2016-12-01 00:00:00 |w 2016-12-01 |y ARXIU | ||
| 999 | |c 45562 |d 45562 | ||